LIBRARY & INFORMATION CENTRE, KCAET, TAVANUR

ONLINE PUBLIC ACCESS CATALOGUE (OPAC)

Landslides and their control / (Record no. 9343)

MARC details
000 -LEADER
fixed length control field 00481cam a2200193ua 4500
020 ## - INTERNATIONAL STANDARD BOOK NUMBER
ISBN 0-444-99700-8
041 ## - LANGUAGE CODE
Language code of text/sound track or separate title eng
082 ## - DEWEY DECIMAL CLASSIFICATION NUMBER
Classification number 551.436
Item number ZAR/LA
100 ## - MAIN ENTRY--AUTHOR NAME
Personal name Zarub, Quido .
245 ## - TITLE STATEMENT
Title Landslides and their control /
250 ## - EDITION STATEMENT
Edition statement 1 /
260 ## - PUBLICATION, DISTRIBUTION, ETC. (IMPRINT)
Place of publication Amsterdam :
Name of publisher Elsevier ,
Year of publication 1982.
300 ## - PHYSICAL DESCRIPTION
Number of Pages 324 ; .
700 1# - ADDED ENTRY--PERSONAL NAME
Personal name Mencl, Vojlech .
942 ## - ADDED ENTRY ELEMENTS (KOHA)
Koha item type Books
Holdings
Withdrawn status Lost status Damaged status Home library Current library Date acquired Full call number Accession Number Koha item type
      KAUAET KAUAET 05/01/1990 551.436 ZAR/LA 16572 Books
free website counter